Information for Decision Making Readings in Cost and Managerial Accounting
Salvato in:
| Altri autori: | |
|---|---|
| Natura: | Libro |
| Lingua: | inglese |
| Pubblicazione: |
Englewood Cliffs
Prentice Hall
1982
|
| Edizione: | 3. ed. |
| Soggetti: | |
| Tags: |
Nessun Tag, puoi essere il primo ad aggiungerne!!
|
MARC
| LEADER | 00000nam a2200000 4500 | ||
|---|---|---|---|
| 001 | c019622 | ||
| 005 | 20221207074649.0 | ||
| 020 | |a 0-13-464354-2 | ||
| 041 | 0 | |a eng | |
| 044 | |a US | ||
| 245 | 1 | 0 | |a Information for Decision Making |b Readings in Cost and Managerial Accounting |c Edit. Alfred Rappaport |
| 250 | |a 3. ed. | ||
| 264 | 1 | |a Englewood Cliffs |b Prentice Hall |c 1982 | |
| 300 | |a 412 s. | ||
| 610 | 2 | 0 | |a rozhodovanie |
| 610 | 2 | 0 | |a rozhodovanie manažérske |
| 610 | 2 | 0 | |a procesy rozhodovacie |
| 610 | 2 | 0 | |a ceny |
| 610 | 2 | 0 | |a systémy účtovné |
| 610 | 2 | 0 | |a systémy informačné manažérske |
| 700 | 1 | |a Rappaport, Alfred | |